RESPIRATPORY SYSTEM (Record no. 802038)

MARC details
000 -LEADER
fixed length control field 00365pam a2200157 a 4500
020 ## - INTERNATIONAL STANDARD BOOK NUMBER
International Standard Book Number 97807234436270
Terms of availability
041 ## - LANGUAGE CODE
Language code of text/sound track or separate title eng
082 ## - DEWEY DECIMAL CLASSIFICATION NUMBER
Classification number 616.3
Item number HIC
100 ## - MAIN ENTRY--PERSONAL NAME
Personal name HICKIN S. RENSHAW J. WILLIAMS R.
245 ## - TITLE STATEMENT
Title RESPIRATPORY SYSTEM
Medium Textual Documents
250 ## - EDITION STATEMENT
Edition statement 4.
260 ## - PUBLICATION, DISTRIBUTION, ETC.
Name of publisher, distributor, etc. MOSBY
Date of publication, distribution, etc. 2013
300 ## - PHYSICAL DESCRIPTION
Extent 230:
Other physical details XIII;
Dimensions PB.
650 ## - SUBJECT ADDED ENTRY--TOPICAL TERM
Topical term or geographic name entry element CHEST
930 ## - EQUIVALENCE OR CROSS-REFERENCE-UNIFORM TITLE HEADING [LOCAL, CANADA]
Uniform title 7511
Holdings
Withdrawn status Lost status Damaged status Not for loan Collection Home library Current library Date acquired Source of acquisition Cost, normal purchase price Total Checkouts Full call number Barcode Date last seen Copy number Price effective from Koha item type
          Medical College & Hospital, Sangli Medical College & Hospital, Sangli 16/10/2016 B.M.S.G.B.PUNE 2432.66   616.3 HIC MCS-13392 26/07/2023 1 26/07/2023 Book